| 000 | 00406nam a2200145Ia 4500 | ||
|---|---|---|---|
| 005 | 20260328104319.0 | ||
| 008 | 260328s9999||||xx |||||||||||||| ||und|| | ||
| 100 | _aBernet, Reinald | ||
| 245 | 0 |
_aHistoria de La Forma Urbana : _b Desde Sus Origenes Hasta La Revolución Industrial / _cReinald Bernet |
|
| 250 | _a1a ed. | ||
| 260 | _bGustavo Gili | ||
| 300 | _a493 p. | ||
| 650 | _aHISTORIA | ||
| 942 | _cBK | ||
| 999 |
_c11290 _d11290 |
||